书目信息 |
| 题名: |
海洋岩土工程
|
|
| 作者: | 龚晓南 , 王立忠 主编 | |
| 分册: | ||
| 出版信息: | 北京 中国建筑工业出版社 2022.10 |
|
| 页数: | 508页 | |
| 开本: | 26cm | |
| 丛书名: | ||
| 单 册: | ||
| 中图分类: | P75 | |
| 科图分类: | ||
| 主题词: | 海洋工程 | |
| 电子资源: | ||
| ISBN: | 7-112-27906-2 | |
| 000 | 00640nam0 2200205 450 | |
| 001 | 2355287952 | |
| 005 | 20230216152328.56 | |
| 010 | @a7-112-27906-2@dCNY108.00 | |
| 100 | @a20230216d2022 km y0chiy0120 ea | |
| 101 | 0 | @achi |
| 102 | @aCN@b110000 | |
| 200 | 1 | @a海洋岩土工程@AHai Yang Yan Tu Gong Cheng@f龚晓南,王立忠主编@FGong Xiao Nan,Wang Li Zhong Zhu Bian |
| 210 | @a北京@c中国建筑工业出版社@d2022.10 | |
| 215 | @a508页@d26cm | |
| 606 | 0 | @a海洋工程 |
| 690 | @aP75@v4 | |
| 701 | 0 | @a龚晓南@AGong Xiao Nan@4主编 |
| 701 | 0 | @a王立忠@AWang Li Zhong@4主编 |
| 801 | 0 | @aCN@b大连网信软件有限公司图书馆·11@c20230216 |
| 905 | @aZUCC@dP75@e136 | |
| 海洋岩土工程/龚晓南,王立忠主编.-北京:中国建筑工业出版社,2022.10 |
| 508页;26cm |
| ISBN 7-112-27906-2:CNY108.00 |
| ● |
| 相关链接 |
|
|
|
|
正题名:海洋岩土工程
索取号:P75/136
 
预约/预借
| 序号 | 登录号 | 条形码 | 馆藏地/架位号 | 状态 | 备注 |
| 1 | 1052730 | 210527303 | 第二样本阅览室/ [索取号:P75/136] | 在馆 |